000 00969nam a2200241Ia 4500
999 _c34648
_d34648
001 422
003 GE_BSU
005 20200204105244.0
008 181216s2008||||ge |||||||||||||| ||geo||
020 _a9789941003455
040 _cGE_BSU
041 _ageo
080 _a616-089.84(075.8) პ-24
100 _aპაჭკორია, ვ.
_96746
245 _aქირურგიული კვანძები :
_b[სახელმძღვ. სტუდ.] /
_c ვ. პაჭკორია, ა. პაჭკორია ; რედ. ლ. კიკალიშვილი.
264 _aთბილისი :
_bპოლიგრაფი,
_c2008.
300 _a168 გვ.;
_b19 სმ.
653 _aმედიცინა
653 _aქირურგია
700 _aპაჭკორია, ა.
_eავტორი
_96747
700 _aკიკალიშვილი, ლ.
_eრედაქტორი
_93418
942 _cBK
_2udc